10 największych miast Nauru - Statystyki

Ogólne statystyki
  • Ten quiz został rozwiązany 43 razy
  • Średni wynik to 2 z 10
Statystyki odpowiedzi
Ilość mieszkańców Nazwa Miasta % Poprawnych
747 (stolica) Yaren
100%
452 Anabar
15%
851 Boe
15%
484 Nibok
12%
513 Baiti
9%
446 Ewa
9%
739 Buada
6%
587 Anetan
3%
2 220 Aiwo
3%
1 380 Meneng
3%
Nie znaleziono quizów pasujących do podanych kryteriów
Rozkład punktacji
Procent ludzi z każdym wynikiem
Percentyl według liczby udzielonych odpowiedzi
Twoja historia wyników
Nie rozwiązałeś tego quizu